00439 2200169 4500001002100000005001500021008004100036020001800077035001900095041000700114082001100121090001100132100002700143245004500170260003000215300002400245INLIS00000000003068520241224133027241224||||||||| | ||| |||| || |  a979-33-0484-7 0010-1224030685 aid0 aF MR b aF MR b0 aAbdullah Muzi Marpaung00aBAGAIMANA MEMBESARKAN BALON TANPA DITIUP aSolobtiga seragkaic2006 a24 hlm,22,6 x 20 cm